Missing Word: All About The Beatles Quiz Stats

Quiz Updated Feb 22, 2016

Challenge
Share
Tweet
Embed
Score 0/24 Timer 03:00
2 Plays Today
Hint Missing Word % Correct
____ McCartneyPaul
97.5%
____ It BeLet
97.5%
____ SubmarineYellow
97.4%
John ____Lennon
96.4%
Sgt. Pepper's ____ Hearts Club BandLonely
96.4%
Abbey ____Road
96%
____ OnoYoko
95.9%
____ StarrRingo
95.3%
George ____ (lead guitarist)Harrison
95%
____ and ShoutTwist
94.3%
____ RigbyEleanor
91.8%
She ____ YouLoves
91.5%
Hint Missing Word % Correct
____ TripperDay
91.1%
Magical ____ TourMystery
88.5%
Love Me ____Do
88.2%
____ InvasionBritish
79.3%
'More popular than ____'Jesus
78.7%
____ BestPete
72.4%
____ SoulRubber
67.3%
Sweet ____ BrownGeorgia
64.7%
The Cavern ____Club
50.7%
Brian ____Epstein
44.6%
George ____ ('The Fifth Beatle')Martin
42.3%
She's a ____Woman
40.5%

Today's Daily Dose

You're not logged in!

Compare scores with friends on all Sporcle quizzes.
Join for Free
OR
Log In

You Might Also Like...

Show Comments

Extras

Top Quizzes Today


Score Distribution

Your Account Isn't Verified!

In order to create a playlist on Sporcle, you need to verify the email address you used during registration. Go to your Sporcle Settings to finish the process.

Report this User

Report this user for behavior that violates our Community Guidelines.

Details: